000 01091nam a2200301 i 4500
003 CO-BoRNBP
005 20250122074713.0
007 ta
008 250122s2021 Uy ag||| |||| 00| 0 spa d
022 _a9789915651613
040 _aCO-BoRNBP
_bspa
_cCO-BoRNBP
_erda
041 _aspa
084 _aC CUE
100 _aIgloo Books
_eautor
_957612
245 1 0 _aQuiero aprende los números
_b¡aprende tus primeros números con tus nuevos y ruidosos amigos!
_cIgloo Books; ilustraciones, Denis Alonso
250 _aPrimera edición
264 4 _aMontevideo, Uruguay,
_b©Latinbooks International S.A.
_c2021
300 _a8 páginas,
_bilustraciones a color, libro sonoro, tapa dura,
_calto 26 cm ancho 20 cm
336 _2rdacontent
_atexto
_btxt
337 _2rdamedia
_asin mediación
_bn
338 _2rdacarrier
_avolumen
_bnc
490 _aQuiero aprender
650 _2LEMB
_aLiteratura infantil
_92746
650 _2LEMB
_aCuento infantil
_916411
650 _2LEMB
_aAprender los números del 1 al 10
_vamigos
_xruidosos
_957613
650 _2LEMB
_aDiversión
942 _2ddc
_cBKINF
999 _c56801
_d56801